القانون والمهندس وتطبيقات في مجال التشييد والبناء / (Record no. 24184)

MARC details
000 -الفاتح
حقل البيانات ثابتة الطول 01165nam a22002895a 4500
003 - محدد رقم الضبط
رقم الضبط OSt
005 - وقت وتاريخ اخر تعامل مع التسجيلة
رقم الضبط 20170218104843.0
008 - عناصر البيانات ثابتة الطول - معلومات عامة
حقل البيانات ثابتة الطول 170218s2014 ua frb 000 0 ara d
015 ## -
-- 2009 / 19396
020 ## - الرقم الدولى المعيارى للكتب
الرقم الدولى المعيارى للكتاب 9789770462230
040 ## - مصدر الفهرسة
وكالة الفهرسة الأصلية BUEsh
لغة الفهرسة ara
وكالة النسخ BUEsh
043 ## - رمز المنطقة الجغرافية
رمز المنطقة الجغرافية f-ua---
082 04 - رقم تصنيف ديوى العشرى
رقم التصنيف 343.62078624
رقم المادة ي ح ي
رقم الطبعة 22
100 1# - المدخل الرئيسى - إسم شخصى
الإسم الشخصى يحيى، نبيل عبد البديع.
245 12 - بيان العنوان
العنوان القانون والمهندس وتطبيقات في مجال التشييد والبناء /
بيان المسئوليه,etc نبيل عبد البديع يحيى.
250 ## - بيان الطبعة
بيان الطبعة ط. 3.
260 ## - PUBLICATION, DISTRIBUTION, ETC. (IMPRINT)
مكان الناشر او الموزع القاهرة :
اسم الناشر او الموزع دار النهضة العربية،
تاريخ النشر أو التوزيع 2014.
300 ## - الوصف المادى
التعداد 589 ص. ؛
أبعاد الوعاء 24 سم.
504 ## - تبصرة ببليوجرافية
تبصرة ببليوجرافية,الخ يشتمل على إرجاعات ببليوجرافية.
650 #7 - المدخل الاضافى بالموضوع-مصطلح موضوعى
مصطلح موضوعي أو اسم جغرافي كعنصر مدخل هندسة الإنشاءات
التقسيم الفرعي العام قوانين وتشريعات
التقسيم الفرعي الجغرافي مصر.
مصدر الرأس أو المصطلح BUEsh
650 #7 - المدخل الاضافى بالموضوع-مصطلح موضوعى
مصطلح موضوعي أو اسم جغرافي كعنصر مدخل المهندسون
التقسيم الفرعي العام وضع قانوني، قوانين، إلخ.
التقسيم الفرعي الجغرافي مصر.
مصدر الرأس أو المصطلح BUEsh
650 #7 - المدخل الاضافى بالموضوع-مصطلح موضوعى
مصطلح موضوعي أو اسم جغرافي كعنصر مدخل عقود البناء
التقسيم الفرعي العام قوانين وتشريعات
التقسيم الفرعي الجغرافي مصر.
مصدر الرأس أو المصطلح BUEsh
650 #7 - المدخل الاضافى بالموضوع-مصطلح موضوعى
مصطلح موضوعي أو اسم جغرافي كعنصر مدخل المباني
التقسيم الفرعي العام قوانين وتشريعات
التقسيم الفرعي الجغرافي مصر.
مصدر الرأس أو المصطلح BUEsh
651 ## - المدخل الاضافى بالموضوع - اسم جغرافى
مصدر الرأس أو المصطلح BUEsh
653 ## - مصطلح تكشيفى غير مقيد
Resource For college Law
Arrived date list February2017
942 ## - عناصر المدخل الإضافي( كوها)
مصدر التصنيف او مخطط الترفيف Dewey Decimal Classification
Holdings
حالة التراجع حالة الفقد مصدر التصنيف او خطة الترفيف حالة تلف ليس للاعارة مجموعات كوها المكان الدائم المكان الحالي موقع الترفيف تاريخ الاكتساب Source of acquisition سعر الشراء الطبيعي تعداد مسلسل / التسلسل الزمني رقم الاستدعاء الباركود Date last seen التكلفة نوع الوعاء مُعار
    Dewey Decimal Classification     دار النهضة العربية Central Library Central Library First floor 18/02/2017 Purchase 105.00 2815 343.62078624 ي ح ي 000045530 15/07/2025 131.25 Book - Borrowing  
    Dewey Decimal Classification     دار النهضة العربية Central Library Central Library First floor 18/02/2017 Purchase 105.00 2815 343.62078624 ي ح ي 000045529 15/07/2025 131.25 Book - Borrowing 15/02/2018